000 00801nab a2200241 u 4500
001 15782
003 HDC
007 cr bn ---aaaaa
008 210219c20150817xx dr|noo 0 a may d
040 _aHDC
245 0 _aIndeks Syariah Jaminan Kepada Lima Aspek Maqasid Syariah
260 _a[No place] :
_b[publisher not identified],
_c2015
336 _atext
_2rdacontent
337 _acomputer
_2rdamedia
338 _aonline resource
_2rdacarrier
650 _aIslamic management
_915852
650 _asharia index
_zMalaysia
_915851
710 _aBernama
856 _zRequest full-text at [email protected]
942 _2lcc
942 _cNEWS
942 _kNWSO 001397
999 _c13098
_d13098